Useless Obscure Nonsense - Statistics

General Stats
  • This quiz has been taken 41 times
  • The average score is 4 of 13
Answer Stats
Hint Answer % Correct
Flag with a cedar tree Lebanon
92%
Personal union of Sweden, Denmark and Norway established in 1397 Kalmar Union
65%
Series of 20th century “wars” between Iceland and the UK over fishing rights Cod Wars
51%
Pan-Arab political party overthrown in Syria in 2024 Ba’ath
46%
Former monarch of Prussia, likely homosexual Frederick the Great
38%
Largest city in the Republic of Sakha Yakutsk
27%
Extinct breed of dog bred to turn wheels in kitchens Turnspit dog
19%
French word that means “bereavement” Deuil
16%
L1011, also known as the Lockheed ______ Tristar
14%
A descendant of the above, with two cylinders Escoffion
11%
Cylindrical hat worn by Western European woman of high class during the Middle Ages Hennin
11%
First (but not only) asteroid known to have its own natural satellite Ida 42
11%
Pashtun pedastry practice Bacha bazai
5%
No matching quizzes found
Score Distribution
Percent of People with Each Score
Percentile by Number Answered
Your Score History
You have not taken this quiz